| 000 | 005430000a22002050004500 | ||
|---|---|---|---|
| 003 | LK-CoMWRAF | ||
| 005 | 20231013153256.0 | ||
| 008 | 230817t ||||| |||| 00| 0 eng d | ||
| 020 | _a9559028030 | ||
| 040 |
_aLK-CoMWRAF _dLK-CoMWRAF _eLK-CoMWRAF |
||
| 041 | _aeng | ||
| 082 |
_a291 _bFER |
||
| 245 |
_aThe Unanimous tradition : _bEssays on the essential unity of all religions |
||
| 260 |
_aColombo : _bSLITS, _c1991 |
||
| 300 | _a239p | ||
| 650 | _aReligions | ||
| 650 | _aCivilization | ||
| 700 |
_aFernando, Ranjit _eed. |
||
| 942 | _cBK | ||
| 999 |
_c407 _d407 |
||